Mangas et anime - Quiz par lettre - Z - Statistiques

Statistiques générales
  • Ce quiz a été pris 292 fois
  • Le résultat moyen est 10 sur 20
Statistiques - réponses
Indice Réponse % Correct
Le vice-capitaine de Luffy, dans One Piece, est Roronoa ____ Zoro
98%
Saint Seiya, en français, est appelé Les Chevaliers du _______ Zodiaque
88%
Dans Demon Slayer, compagnon de Tanjiro utilisant le Soufle de la Foudre Zenitsu Agatsuma
82%
Dans Hunter x Hunter, famille d'assassin dont est issu Killua Zoldick
75%
Dans Naruto, ninja "démon du brouillard" accompagné de Haku Zabuza Momochi
67%
Dans Naruto, duo d'humains artificiel, un noir et un blanc, travaillant pour l'Akatsuki Zetsu
67%
Mage noir et un des antagonistes principaux de Fairy Tail Zeref
60%
Dans Dragon Ball Super, il dirige les 12 univers Zen'ô
56%
Nom des sabres dans Bleach Zanpakuto
54%
Dans One Piece, pirate "aux pieds rouges" qui recueillit Sanji Zeff
50%
Dans Bleach, nom de famille de Kenpachi Zaraki
44%
Nom de famille d'Hange, dans L'Attaque des Titans Zoë
41%
Nom de celui d'Ichigo Zangetsu
35%
Le Stand de Dio mais avec une prononciation japonaise, dans Jojo's Bizarre Adventure Za Warudo
34%
Dans Fairy Tail, alter-égo de Brain, le maître des Oracion Seis Zero
32%
Anime mettant en scène un groupe d'idol mort-vivantes Zombie Land Saga
28%
Apprenti Kaio Shin de l'Univers 10 antagoniste de Dragon Ball Super Zamasu
25%
Nom de la quatrième partie de l'anime Yu-Gi-Oh! Zexal
13%
Manga mettant en scène Jin, ses pouvoirs psychiques et l'Amagi Corporation Zetman
3%
Dans Mobile Suit Gundam, c'est le duché cherchant son indépendance Zéon
1%
Aucun quiz correspondant
Distribution des résultats
% des personnes avec chaque résultat
Percentile par nombre de réponses
Votre historique - résultats
Vous n’avez pas pris ce quiz